Instrucciones para sobrevivir en el México de la 4T /

Guardat en:
Dades bibliogràfiques
Autor principal: Gamés, Gil
Altres autors: Trino (ilustración) (ilustración)
Format: Llibre
Idioma:espanyol
Publicat: México : Tusquets, 2019, c2019
Matèries:
Etiquetes: Afegir etiqueta
Sense etiquetes, Sigues el primer a etiquetar aquest registre!

MARC

LEADER 00000nam^a2200000^a^4500
001 000426453
005 20250521000000.0
009 20260310122743.216
020 |a 978-607-07-6279-6 
037 |a Acervo ITESO - Biblioteca 
041 |a ESP 
082 |a 320. 972014  |b GAM 
100 |a Gamés, Gil 
245 1 0 |a Instrucciones para sobrevivir en el México de la 4T /  |c Texto de G. Gamés ; il. de Trino. 
264 4 |a México :  |b Tusquets,  |c 2019, c2019 
300 |a 183 p. 
336 |a texto  |b txt  |2 rdacontenido 
337 |a sin mediación  |b n  |2 rdamedio 
338 |a volumen  |b nc  |2 rdasoporte 
521 |a FIL 2019 DIA 
649 |a XX 
650 |a Jefes de Estado Mexicanos 
650 |a Políticos Mexicanos 
650 |a Democracia -  |z México -  |x Historia -  |y 2018-2024 
650 |a Cambios Políticos -  |z México -  |x Historia -  |y 2018-2024 
650 |a Transición Política -  |z México -  |x Historia -  |y 2018-2024 
650 |a Política -  |z México -  |x Historia -  |y 2018-2024 -  |x Tema Principal 
650 |a Política -  |z México -  |x Historia -  |y Siglo XXI 
650 |a México -  |x Condiciones Políticas 
650 |a López Obrador, Andrés Manuel -  |x Tema Principal 
700 |a Trino  |e (ilustración) 
910 |a Fondo General 
920 |a Impresos - Libros 
930 |a Colección General 
905 |a 101 
901 |a 0500341574  |b IT1  |c ACC  |i C170104  |u 20250521 
902 |a https://opac.biblio.iteso.mx/vufind/Record/000426453